|
|
|
|
| LEADER |
01681nam a22003257a 4500 |
| 001 |
41919 |
| 003 |
BD-DhAAL |
| 005 |
20231030115853.0 |
| 008 |
231030t2020 sz a|||| b||| 00| 0 eng d |
| 020 |
|
|
|a 9783030448325
|
| 040 |
|
|
|a BD-DhAAL
|
| 082 |
|
|
|a 006.35
|2 23
|
| 100 |
|
|
|a Gomez-Perez, Jose Manuel.
|9 55761
|
| 245 |
|
|
|a A pratical guide to hybrid natural Language processing :
|b combining neural models and knowledge graphs for NLP /
|c Jose Manuel Gomez-Perez, Ronald Denaux and Andres Garcia-Silva.
|
| 260 |
|
|
|a Cham, Switzerland :
|b Springer,
|c 2020.
|
| 300 |
|
|
|a xxv, 268 pages :
|b illustrations ;
|c 25 cm.
|
| 504 |
|
|
|a Includes bibliographical references.
|
| 520 |
|
|
|a This book provides readers with a practical guide to the principles of hybrid approaches to natural language processing (NLP) involving a combination of neural methods and knowledge graphs.
|
| 526 |
|
|
|a CSE
|
| 541 |
|
|
|a Book Finder International
|e 41919, 41920
|
| 650 |
|
|
|a Natural language processing (Computer science)
|
| 650 |
|
|
|a Application software.
|
| 650 |
|
|
|a Artificial intelligence.
|
| 650 |
|
|
|a Computer science.
|
| 700 |
|
|
|a Denaux, Ronald.
|9 55762
|
| 700 |
|
|
|a Garcia-Silva, Andres.
|9 55763
|
| 942 |
|
|
|2 ddc
|c BK
|
| 999 |
|
|
|c 44561
|d 44561
|
| 952 |
|
|
|0 0
|1 0
|2 ddc
|4 0
|6 006_350000000000000_GOM
|7 0
|9 74644
|a BRACUL
|b BRACUL
|c GEN
|d 2023-10-17
|e Book Finder International
|g 12536.21
|l 2
|m 52
|o 006.35 GOM
|p 3010041920
|q 2026-05-20
|r 2025-11-15
|s 2025-11-15
|t 2
|v 12536.21
|w 2023-10-17
|y BK
|
| 952 |
|
|
|0 0
|1 0
|2 ddc
|4 0
|6 006_350000000000000_GOM
|7 0
|9 74645
|a BRACUL
|b BRACUL
|c GEN
|d 2023-10-17
|e Book Finder International
|g 12536.21
|l 2
|m 37
|o 006.35 GOM
|p 3010041919
|r 2025-10-16
|s 2025-07-24
|t 1
|v 12536.21
|w 2023-10-17
|y BK
|